PHARMACEUTICS (Record no. 12087)
[ view plain ]
| 000 -LEADER | |
|---|---|
| fixed length control field | 00373nam a22001697a 4500 |
| 003 - CONTROL NUMBER IDENTIFIER | |
| control field | OSt |
| 008 - FIXED-LENGTH DATA ELEMENTS--GENERAL INFORMATION | |
| fixed length control field | 231010b |||||||| |||| 00| 0 eng d |
| 020 ## - INTERNATIONAL STANDARD BOOK NUMBER | |
| International Standard Book Number | 9789354663284 |
| 082 ## - DEWEY DECIMAL CLASSIFICATION NUMBER | |
| Classification number | 615.4 RAP |
| 100 ## - MAIN ENTRY--PERSONAL NAME | |
| Personal name | RAJE,V.N |
| 245 ## - TITLE STATEMENT | |
| Title | PHARMACEUTICS |
| 250 ## - EDITION STATEMENT | |
| Edition statement | 4th |
| 260 ## - PUBLICATION, DISTRIBUTION, ETC. (IMPRINT) | |
| Place of publication, distribution, etc | NEW DELHI |
| Name of publisher, distributor, etc | CBS PUB. |
| Date of publication, distribution, etc | 2022 |
| 300 ## - PHYSICAL DESCRIPTION | |
| Extent | X,256 |
| 650 ## - SUBJECT ADDED ENTRY--TOPICAL TERM | |
| Topical term or geographic name as entry element | PHARMACEUTICS |
| 942 ## - ADDED ENTRY ELEMENTS (KOHA) | |
| Source of classification or shelving scheme | Dewey Decimal Classification |
| Koha item type | Text Books |
| Withdrawn status | Lost status | Source of classification or shelving scheme | Damaged status | Not for loan | Collection code | Home library | Current library | Date acquired | Source of acquisition | Currency | Cost, normal purchase price | Bill Number | Total Checkouts | Full call number | Acc. no. / Barcode | Date last seen | Actual Cost, discounted price | Bill Date | Koha item type | Date last borrowed |
|---|---|---|---|---|---|---|---|---|---|---|---|---|---|---|---|---|---|---|---|---|
| Dewey Decimal Classification | Diploma in Pharmacy | PIET C-LIBRARY | PIET C-LIBRARY | 10/10/2023 | KIRTI PRAKSHAN | RUPEES | 275.00 | IN-1035 | 615.4 RAP | DP1158 | 10/10/2023 | 178.75 | 05/10/2023 | Reference Books | ||||||
| Dewey Decimal Classification | Diploma in Pharmacy | PIET C-LIBRARY | PIET C-LIBRARY | 10/10/2023 | KIRTI PRAKSHAN | RUPEES | 275.00 | IN-1035 | 6 | 615.4 RAP | DP1159 | 20/06/2025 | 178.75 | 05/10/2023 | Text Books | 06/06/2025 | ||||
| Dewey Decimal Classification | Diploma in Pharmacy | PIET C-LIBRARY | PIET C-LIBRARY | 10/10/2023 | KIRTI PRAKSHAN | RUPEES | 275.00 | IN-1035 | 14 | 615.4 RAP | DP1160 | 16/06/2025 | 178.75 | 05/10/2023 | Text Books | 05/06/2025 | ||||
| Dewey Decimal Classification | Diploma in Pharmacy | PIET C-LIBRARY | PIET C-LIBRARY | 10/10/2023 | KIRTI PRAKSHAN | RUPEES | 275.00 | IN-1035 | 7 | 615.4 RAP | DP1161 | 16/06/2025 | 178.75 | 05/10/2023 | Text Books | 12/06/2025 | ||||
| Dewey Decimal Classification | Diploma in Pharmacy | PIET C-LIBRARY | PIET C-LIBRARY | 10/10/2023 | KIRTI PRAKSHAN | RUPEES | 275.00 | IN-1035 | 7 | 615.4 RAP | DP1162 | 17/12/2025 | 178.75 | 05/10/2023 | Text Books | 02/12/2025 |